000 00480nam a2200169Ia 4500
999 _c9159
_d9159
003 OSt
005 20191228122621.0
008 190216s9999||||xx |||||||||||||| ||und||
040 _coclc
082 _a335.4
_bLEO/S
100 _aLeontyev, L
_9862
245 0 _aA Short Course Of Political Economy /
_c L Leontyev
260 _bProgress Publishers,
_c1968.
_aMoscow:
300 _a414p
650 _aEconomics
942 _cBK
_2ddc
_h335.4
_iLEO/S
_k335.4
_mLEO/S